Statistiche per Allenatori più vincenti della storia del Chelsea

Clicka qui per fare il quiz!

Statistiche generali

  • Questo quiz è stato fatto 16 volte
  • Il punteggio medio è 6 su 16

Statistiche sulle risposte

NazionePeriodoTotale trofeiTrofei vintiCalciatore% Corretto
Portogallo2004-2007; 2013-201583 Campionati inglesi; 1 FA Cup; 3 Coppe di Lega inglesi; 1 FA Community ShieldJosé Mourinho
93%
Italia201221 FA Cup; 1 UEFA Champions LeagueRoberto Di Matteo
86%
Italia2016-201821 Campionato inglese; 1 FA CupAntonio Conte
79%
Italia2009-201131 Campionato inglese; 1 FA Cup; 1 FA Community ShieldCarlo Ancelotti
79%
Italia2018-201911 UEFA Europa LeagueMaurizio Sarri
64%
Germania2021-202231 UEFA Champions League; 1 Supercoppa UEFA; 1 Coppe del mondo per club FIFAThomas Tuchel
57%
Italia1998-200051 FA Cup; 1 Coppa di Lega inglese; 1 FA Charity Shield;Gianluca Vialli
50%
Spagna2012-201311 UEFA Europa LeagueRafael Benítez
50%
Paesi Bassi2009; 2015-201611 FA CupGuus Hiddink
36%
Paesi Bassi1996-199811 FA CupRuud Gullit
21%
Inghilterra1988-199121 Campionato Seconda divisione inglese; 1 Full Members CupBobby Campbell
0%
Inghilterra1967-197421 FA Cup; 1 Coppa delle CoppeDave Sexton
0%
Inghilterra1985-198811 Full Members CupJohn Hollins
0%
Inghilterra1981-198511 Campionato Seconda divisione ingleseJohn Neal
0%
Inghilterra1952-196121 Campionato inglese; 1 Fa Charity ShieldTed Drake
0%
Scozia1961-196711 Coppa di Lega ingleseTommy Docherty
0%

Distribuzione punteggi

Percentile per numero di risposta

Percentuale di utenti per punteggio

I tuoi punteggi nel tempo

Non hai fatto questo quiz